书目信息 |
| 题名: |
蛋白质工程原理与技术
|
|
| 作者: | 刘贤锡 | |
| 分册: | ||
| 出版信息: | 济南 山东大学出版社 2002 |
|
| 页数: | 167 | |
| 开本: | 26cm | |
| 丛书名: | ||
| 单 册: | ||
| 中图分类: | TQ93 | |
| 科图分类: | ||
| 主题词: | 蛋白质--化学加工--化学工业 | |
| 电子资源: | ||
| ISBN: | 7-5607-2465-5 | |
| 000 | 00546nam0 2200181 450 | |
| 001 | 0741144344 | |
| 005 | 20070817112544.34 | |
| 010 | @a7-5607-2465-5@d¥21.80 | |
| 100 | @a20070817d km y0chiy0120 ea | |
| 101 | 0 | @achi |
| 200 | 1 | @a蛋白质工程原理与技术@Adan bai zhi gong cheng yuan li yu ji shu@f刘贤锡等@Fliu xian xi deng |
| 210 | @a济南@c山东大学出版社@d2002 | |
| 215 | @a167@c插图@d26cm | |
| 606 | 0 | @a蛋白质@x化学加工@x化学工业 |
| 690 | @aTQ93@v3 | |
| 701 | 0 | @a刘贤锡@Aliu xian xi |
| 801 | 0 | @aCN@bPFT@c20070817 |
| 905 | @a213230@dTQ93@en2@f1 | |
| 蛋白质工程原理与技术/刘贤锡等.-济南:山东大学出版社,2002 |
| 167:插图;26cm |
| ISBN 7-5607-2465-5:¥21.80 |
| ● |
| 相关链接 |
|
|
|
|
正题名:蛋白质工程原理与技术
索取号:TQ93/n2
 
预约/预借
| 序号 | 登录号 | 条形码 | 馆藏地/架位号 | 状态 | 备注 |
| 1 | 6601394 | 266013949 | 密集书库-生命科学系/ [索取号:TQ93/n2] | 在馆 |